| 000 | 01057nam1a22002411 4500 | ||
|---|---|---|---|
| 001 | rc\3359303 | ||
| 005 | 20130115152734.5 | ||
| 035 | _a(NLR Aleph) 007524902 | ||
| 090 |
_a7737022 _c7737022 |
||
| 100 | _a20130115d1969 |||y0rusy50 ca | ||
| 101 | 0 | _arus | |
| 102 | _aRU | ||
| 105 | _ay z ||||| | ||
| 200 | 1 |
_aТруды кафедр общественных наук, посвященный 100-летию со дня рождения В.И. Ленина _fМ-во высш. и сред. спец. образования РСФСР. Ленингр. лесотехн. акад. им. С.М. Кирова |
|
| 210 |
_aЛенинград _cБ. и. _d1969 |
||
| 606 |
_aОбщественные науки _jСборники _2psbo |
||
| 702 | 1 |
_aЛенин _bВ. И. _f1870-1924 _gВладимир Ильич _4280 |
|
| 710 | 0 | 2 |
_aЛесотехническая академия им. С. М. Кирова _cЛенинград _3RU\NLR\AUTH\8810851 |
| 801 | 0 |
_aRU _bNLR _gpsbo |
|
| 801 | 1 |
_aRU _bELAR _2rusmarc |
|
| 852 |
_aNLR _j69-7/2362 |
||
| 942 | _cBOOK | ||
| 980 | _aNB | ||